Normal view
MARC view
- MEC
Entry Topical Term
001 - CONTROL NUMBER
- control field: 50302
003 - CONTROL NUMBER IDENTIFIER
- control field: NUST
005 - DATE AND TIME OF LATEST TRANSACTION
- control field: 20210314134600.0
008 - FIXED-LENGTH DATA ELEMENTS
- fixed length control field: 210314|| aca||aabn | a|a d
040 ## - CATALOGING SOURCE
- Original cataloging agency: NUST
- Transcribing agency: NUST
150 ## - HEADING--TOPICAL TERM
- Topical term or geographic name entry element: MEC
670 ## - SOURCE DATA FOUND
- Source citation: Work cat.: (NUST): Beresford, Charles William De la Poer Beresford, 50301, The Break-up of China :, 1899.
